[Event "Final Mistrzostw Polski Mlodzikow do lat 10 - Chlopcy"]
[Site "Szczyrk"]
[Date "1899-12-30"]
[Round "3.3"]
[White "Grobelny, Mikolaj"]
[Black "Butkiewicz, Jan"]
[Result "1-0"]
[WhiteTitle "II+"]
[BlackTitle "II"]
[WhiteElo "1477"]
[BlackElo "1203"]

1. e4 e5 2. Nf3 Nc6 3. d4 exd4 4. Nxd4 Bc5 5. Be3 Bxd4 6. Bxd4 Nxd4 7. Qxd4 Qf6
8. Qxf6 Nxf6 9. Nc3 O-O 10. O-O-O a6 11. f3 d6 12. Bc4 Be6 13. Bxe6 fxe6 14. e5
dxe5 15. Rhe1 e4 16. Nxe4 Nxe4 17. Rxe4 Rae8 18. Rd7 Rf7 19. Red4 Ree7 20. Rd8+
Rf8 21. R4d7 Rxd7 22. Rxd7 Rf7 23. Rd8+ Rf8 24. Rxf8+ Kxf8 25. Kd2 Kf7 26. Ke3
Kf6 27. Ke4 c6 28. f4 g6 29. b3 c5 30. c3 b5 31. g4 g5 32. c4 b4 33. fxg5+ Kxg5
34. Ke5 Kxg4 35. Kxe6 Kh3 36. Kd5 Kxh2 37. Kxc5 h5 38. Kxb4 h4 39. c5 Kg3 40.
c6 h3 41. c7 h2 42. c8=Q h1=Q 43. Qxa6 Qe1+ 44. Ka4 Qd2 45. Qg6+ Kf3 46. Qh5+
Ke4 47. Qg4+ Ke5 48. Qg3+ Ke6 49. Qg4+ Kf7 50. a3 Qd6 51. Qc4+ Ke8 52. Qb5+ Kf7
53. b4 Qd1+ 54. Ka5 Qd8+ 55. Qb6 Qd5+ 56. b5 Qd2+ 57. Ka6 Qc3 58. a4 Qc4 59. a5
1-0

[Event "Final Mistrzostw Polski Mlodzikow do lat 10 - Chlopcy"]
[Site "Szczyrk"]
[Date "1899-12-30"]
[Round "3.4"]
[White "Suska, Szymon"]
[Black "Przybys, Bruno"]
[Result "1-0"]
[WhiteTitle "II+"]
[BlackTitle "III"]
[WhiteElo "1416"]
[BlackElo "1021"]

1. e4 Nf6 2. Nc3 Nc6 3. d4 d5 4. e5 Ne4 5. Bb5 Nxc3 6. bxc3 Bd7 7. Bd3 g6 8. h4
h5 9. Nh3 Bxh3 10. Rxh3 Qd7 11. Rb1 Rb8 12. Bg5 Qe6 13. Kf1 Bh6 14. Bxh6 Rxh6
15. Qf3 Rh8 16. Rb5 Nd8 17. Qxd5 Qxh3 18. gxh3 c6 19. Qc5 cxb5 20. Bxb5+ Kf8 21.
Qxa7 Rc8 22. c4 Kg7 23. d5 Kh6 24. Qe3+ Kg7 25. Qd4 Kh6 26. Bd7 Ra8 27. a4 e6
28. Qf4+ Kg7 29. Qf6+ Kf8 30. Qxh8+ 1-0

[Event "Final Mistrzostw Polski Mlodzikow do lat 10 - Chlopcy"]
[Site "Szczyrk"]
[Date "1899-12-30"]
[Round "3.5"]
[White "Jasiulewicz, Kamil"]
[Black "Lecki, Leonard"]
[Result "0-1"]
[WhiteTitle "II"]
[BlackTitle "II"]
[WhiteElo "1089"]
[BlackElo "1373"]

1. Nf3 d5 2. d4 e6 3. c4 c6 4. e3 Bd6 5. a3 a5 6. c5 Bc7 7. Qc2 f5 8. Be2 Nf6 9.
O-O O-O 10. Ne5 Bxe5 11. dxe5 Nfd7 12. f4 Qe7 13. Bd2 Nxc5 14. b4 Ne4 15. Be1
axb4 16. Bxb4 c5 17. Bc3 Nc6 18. Bf3 c4 19. Bxe4 fxe4 20. Bd4 Bd7 21. Ra2 Rae8
22. Rb2 Bc8 23. Rb5 Qh4 24. Bc5 Rf7 25. Nc3 Kh8 26. Ne2 Rg8 27. Nd4 Nxd4 28. Bxd4
g5 29. g3 gxf4 30. Qg2 fxg3 31. h3 Rf2 32. Qh1 g2 33. Kh2 g1=B# 0-1

[Event "Final Mistrzostw Polski Mlodzikow do lat 10 - Chlopcy"]
[Site "Szczyrk"]
[Date "1899-12-30"]
[Round "3.6"]
[White "Obrycki, Tomasz"]
[Black "Sowinski, Pawel"]
[Result "0-1"]
[WhiteTitle "II"]
[BlackTitle "I++"]
[WhiteElo "1223"]
[BlackElo "1824"]

1. e4 c5 2. Nf3 e6 3. d3 Nc6 4. g3 d5 5. Nbd2 Nf6 6. Bg2 Be7 7. O-O O-O 8. a3 Qc7
9. Re1 Rd8 10. e5 Ng4 11. Qe2 f6 12. exf6 Nxf6 13. Bh3 e5 14. Bxc8 Qxc8 15. Kg2
Bd6 16. c3 Re8 17. Nf1 Qd7 18. Qc2 Kh8 19. Bg5 e4 20. N3d2 exd3 21. Qxd3 Ne5 22.
Qc2 Rf8 23. f4 Nc6 24. Ne3 d4 25. Nec4 Bc7 26. Bxf6 Rxf6 27. Nf3 Qd5 28. Ncd2
Raf8 29. c4 Qh5 30. Ne4 Rg6 31. Nh4 Qxh4 32. Ng5 Qg4 33. h3 Qd7 34. Rad1 Bxf4
35. Ne4 Ne5 36. Rf1 d3 37. Qd2 Qf5 38. Qe1 Qc8 0-1

[Event "Final Mistrzostw Polski Mlodzikow do lat 10 - Chlopcy"]
[Site "Szczyrk"]
[Date "1899-12-30"]
[Round "3.7"]
[White "Kudraszow, Filip"]
[Black "Uhryn, Lukasz"]
[Result "1-0"]
[WhiteTitle "II"]
[BlackTitle "II"]
[WhiteElo "1184"]
[BlackElo "1413"]

1. e4 c5 2. Nf3 d6 3. Bb5+ Bd7 4. Bxd7+ Qxd7 5. c4 Nc6 6. Nc3 Nf6 7. d4 cxd4 8.
Nxd4 e6 9. Be3 Be7 10. O-O O-O 11. f3 Rac8 12. Qd2 Rfd8 13. Rfd1 a6 14. Rac1 d5
15. cxd5 exd5 16. Nxd5 Nxd5 17. exd5 Qxd5 18. Nxc6 Qxd2 19. Nxe7+ Kf8 20. Bxd2
Rxc1 21. Rxc1 Rxd2 22. Nf5 f6 23. Rc8+ Kf7 24. Rc7+ Kg6 25. Ne7+ Kg5 26. Rxb7
f5 27. Rb6 f4 28. g3 Rd1+ 29. Kg2 Rd2+ 30. Kh3 fxg3 31. hxg3 Re2 32. f4+ 1-0

[Event "Final Mistrzostw Polski Mlodzikow do lat 10 - Chlopcy"]
[Site "Szczyrk"]
[Date "1899-12-30"]
[Round "3.8"]
[White "Zmarzly, Wiktor"]
[Black "Ziobrowski, Wojciech"]
[Result "1-0"]
[WhiteTitle "II"]
[BlackTitle "II"]
[WhiteElo "1388"]
[BlackElo "1048"]

1. c4 e6 2. Nc3 d5 3. cxd5 exd5 4. d4 Nf6 5. Bg5 Be7 6. e3 c6 7. Bd3 Bg4 8. f3
Bh5 9. Nge2 Nbd7 10. Nf4 Bg6 11. Nxg6 fxg6 12. O-O O-O 13. Qb3 Qc7 14. Rac1 Qb6
15. Qxb6 axb6 16. e4 Bb4 17. a3 dxe4 18. Bc4+ Kh8 19. axb4 exf3 20. gxf3 Rad8
21. Ne4 Nxe4 22. fxe4 Rxf1+ 23. Rxf1 Rf8 24. Rxf8+ Nxf8 25. Be7 b5 26. Bxb5 Ne6
27. d5 cxb5 28. dxe6 Kg8 29. Kf2 1-0

[Event "Final Mistrzostw Polski Mlodzikow do lat 10 - Chlopcy"]
[Site "Szczyrk"]
[Date "1899-12-30"]
[Round "3.10"]
[White "Dunda, Szymon"]
[Black "Klim, Juliusz"]
[Result "1-0"]
[WhiteTitle "II"]
[BlackTitle "II"]
[WhiteElo "1137"]
[BlackElo "1276"]

1. e4 e5 2. Nf3 Nc6 3. Bc4 Bc5 4. c3 Nf6 5. d3 d6 6. Nbd2 a6 7. Nf1 Ba7 8. Ng3
h6 9. O-O O-O 10. Bb3 Ne7 11. Nh4 Re8 12. h3 b5 13. Qf3 c6 14. Bxh6 Be6 15. Be3
Qd7 16. Nh5 Nxh5 17. Qxh5 a5 18. Bxe6 Qxe6 19. Qg5 d5 20. Bxa7 Rxa7 21. f4 f6
22. Qg3 Nc8 23. f5 Qf7 24. Ng6 Nd6 25. Qh4 Qd7 26. Rad1 Rb7 27. Rf3 b4 28. Rg3
Nf7 29. Qg4 Nh6 30. Qe2 d4 31. c4 c5 32. Qd2 Kh7 33. Rf3 Qa4 34. b3 Qd7 35. g4
Nf7 36. h4 Nh8 37. Nxh8 Kxh8 38. g5 Rg8 39. g6 Ra8 40. Rh3 Rba7 41. Qe2 Kg8 42.
Qh5 Qd6 43. Qh7+ Kf8 44. Qh8+ Ke7 45. Qxg7+ Ke8 46. Qh8+ Qf8 47. Qh5 Kd7 48. Rg3
Qg7 49. Qh7 Kc6 50. Qxg7 Rxg7 51. h5 Rh8 52. h6 Rgg8 53. h7 Rg7 54. Kh2 Kd6 55.
Kh3 Ra7 56. Kh4 Ke7 57. Kh5 Kf8 58. Kh6 Rg7 59. Rdg1 1-0

[Event "Final Mistrzostw Polski Mlodzikow do lat 10 - Chlopcy"]
[Site "Szczyrk"]
[Date "1899-12-30"]
[Round "3.11"]
[White "Balis, Sebastian"]
[Black "Dobrowolski, Kamil"]
[Result "0-1"]
[WhiteTitle "II"]
[BlackTitle "II"]
[WhiteElo "1275"]
[BlackElo "1157"]

1. e4 c5 2. Nf3 Nc6 3. c3 d5 4. exd5 Qxd5 5. d4 cxd4 6. cxd4 e5 7. Nc3 Bb4 8. Bd2
Bxc3 9. Bxc3 e4 10. Ne5 Nxe5 11. dxe5 Ne7 12. Qa4+ Bd7 13. Qa3 Qe6 14. Qb4 Bc6
15. Bc4 Qd7 16. Rd1 Qc7 17. O-O O-O 18. Qd6 Qd8 19. Bb4 Qxd6 20. exd6 Ng6 21.
Bd5 Bxd5 22. Rxd5 Nf4 23. Re5 Rfe8 24. Rxe8+ Rxe8 25. Rd1 Nd3 26. Ba3 Rd8 27.
Rd2 b5 28. Kf1 b4 29. Rxd3 exd3 30. Bxb4 f6 31. Ke1 Kf7 32. Kd2 Ke6 33. Kxd3 Rc8
34. Kd2 Rc4 35. a3 Rd4+ 36. Ke2 g5 37. g3 h5 38. h3 f5 39. Bc5 Ra4 40. Bb4 Ra6
41. Kd3 h4 42. gxh4 gxh4 43. Ke3 Rc6 44. Kf4 Rc2 45. Kg5 Rxf2 46. Kxh4 Rg2 47.
Kh5 f4 48. h4 f3 49. Bc5 f2 50. Bxf2 Rxf2 51. Kh6 Rg2 52. h5 Kxd6 53. Kh7 Kc5
54. h6 Kc4 55. Kh8 Kb3 56. h7 Rxb2 57. Kg8 Rh2 58. h8=Q Rxh8+ 59. Kxh8 Kxa3 60.
Kg7 Kb2 61. Kf6 a5 62. Ke5 a4 63. Kd4 a3 64. Kd3 a2 65. Kd2 a1=Q 0-1

[Event "Final Mistrzostw Polski Mlodzikow do lat 10 - Chlopcy"]
[Site "Szczyrk"]
[Date "1899-12-30"]
[Round "3.13"]
[White "Karaszewski, Gabriel"]
[Black "Skupin, Bartosz"]
[Result "1-0"]
[WhiteTitle "II"]
[BlackTitle "II"]
[WhiteElo "1614"]
[BlackElo "1129"]

1. e4 e5 2. Nf3 Nc6 3. Bb5 Nd4 4. Nxd4 exd4 5. c3 Bc5 6. O-O c6 7. Bc4 d6 8. d3
Nf6 9. Bg5 h6 10. Bh4 O-O 11. h3 Be6 12. Nd2 b5 13. Bb3 Re8 14. Nf3 Bxb3 15. Qxb3
dxc3 16. Qxc3 Rc8 17. Bxf6 gxf6 18. Nh4 Bb6 19. Nf5 Re6 20. d4 d5 21. Qg3+ Kf8
22. Qg7+ Ke8 23. Qg8+ Kd7 24. Qxf7+ Re7 25. Nxe7 Qxe7 26. Qxe7+ Kxe7 27. exd5
cxd5 28. Rac1 Rd8 29. Rfd1 Kf7 30. f3 Re8 31. Kf2 Kg6 32. Rc6 Kf5 33. Rd6 Rd8
34. Rxd8 Bxd8 35. Ke3 Kg5 36. Rc1 Kh4 37. Rc8 Bb6 38. Rg8 Kh5 39. g3 b4 40. b3
f5 41. Rg7 a5 42. Rb7 Bd8 43. Rd7 Bb6 44. Rxd5 Kg5 45. f4+ Kh5 46. Kf3 Bc7 47.
Rc5 Bd8 48. Rc6 Be7 49. g4+ fxg4+ 50. hxg4+ Kh4 51. Rxh6# 1-0

[Event "Final Mistrzostw Polski Mlodzikow do lat 10 - Chlopcy"]
[Site "Szczyrk"]
[Date "1899-12-30"]
[Round "3.14"]
[White "Bieronski, Nikodem"]
[Black "Chomicki, Kornel"]
[Result "0-1"]
[WhiteTitle "II"]
[BlackTitle "II"]
[WhiteElo "1126"]
[BlackElo "1320"]

1. e4 e5 2. Nf3 Nc6 3. Bc4 Bc5 4. c3 Nf6 5. d4 exd4 6. cxd4 Bb4+ 7. Nc3 Bxc3+ 8.
bxc3 d5 9. exd5 Nxd5 10. O-O O-O 11. Qc2 h6 12. Bb2 Nce7 13. Rfe1 c6 14. Ba3 Re8
15. Re5 Be6 16. Rb1 Qd7 17. Rh5 Bf5 18. Bd3 Bxd3 19. Qxd3 Nf4 20. Ne5 Qd5 0-1

[Event "Final Mistrzostw Polski Mlodzikow do lat 10 - Chlopcy"]
[Site "Szczyrk"]
[Date "1899-12-30"]
[Round "3.15"]
[White "Oles, Mateusz"]
[Black "Niesyt, Michal"]
[Result "1-0"]
[WhiteTitle "III"]
[BlackTitle "II+"]
[WhiteElo "1103"]
[BlackElo "1319"]

1. e4 c5 2. Nf3 d6 3. d4 cxd4 4. Nxd4 Nf6 5. Nc3 g6 6. Be2 Bg7 7. Be3 O-O 8. O-O
Nc6 9. Qd2 Bd7 10. Rad1 a6 11. Rfe1 Qc7 12. a3 Rac8 13. Nxc6 Bxc6 14. Bf3 Rfd8
15. Rc1 b5 16. Bf4 Qb7 17. Qd3 Nd7 18. Bd2 Ne5 19. Qe2 e6 20. Nd1 Qc7 21. Bc3
a5 22. h3 Qb6 23. Bxe5 Bxe5 24. Qe3 Qxe3 25. fxe3 Bg3 26. Nf2 b4 27. axb4 axb4
28. c3 bxc3 29. Rxc3 Be5 30. Rc2 Ba4 31. Rd2 Rb8 32. Ra1 Bb3 33. Ng4 Bg3 34. Nf2
Ra8 35. Rc1 Rdc8 36. Rb1 Ra2 37. Bd1 Bxd1 38. Nxd1 Be5 39. Nf2 Rb8 40. Nd3 Bg3
41. Kf1 h5 42. Ke2 Kg7 43. Kf3 h4 44. Rc2 g5 45. Kg4 Kg6 46. Rd2 f5+ 47. exf5+
exf5+ 48. Kf3 Re8 49. Rdd1 Kh5 50. Ra1 Rxa1 51. Rxa1 Rc8 52. Rc1 Rxc1 53. Nxc1
g4+ 54. Ke2 d5 55. Nd3 Bd6 56. b4 Kg5 57. b5 Kf6 58. Kd2 Bc7 59. Kc3 Bb6 60. Nb4
Ke6 61. Kd3 Kd6 62. Na6 Ke5 63. Nb4 Kd6 64. Na6 Ba7 65. Nb4 Kc5 66. Nc6 Bb6 67.
Ne7 Kxb5 68. Nxd5 Bd8 69. Kd4 Bg5 70. Ke5 Kc5 71. Nf4 gxh3 72. gxh3 Bxf4+ 73.
exf4 Kc6 74. Kxf5 Kd7 75. Kg5 Ke6 76. Kxh4 Kf5 77. Kg3 Kg6 78. Kg4 Kf6 79. f5
Kg7 80. Kg5 Kf7 81. f6 Kg8 82. Kg6 Kh8 83. Kf7 Kh7 84. Ke7 Kh8 85. f7 Kh7 86.
f8=Q Kg6 87. Qf6+ Kh7 1-0

[Event "Final Mistrzostw Polski Mlodzikow do lat 10 - Chlopcy"]
[Site "Szczyrk"]
[Date "1899-12-30"]
[Round "3.16"]
[White "Jagodzinski, Jaromir"]
[Black "Kisiel, Dominik"]
[Result "0-1"]
[WhiteTitle "II"]
[BlackTitle "II"]
[WhiteElo "1292"]
[BlackElo "1114"]

1. e4 c5 2. Nf3 d6 3. d4 cxd4 4. Nxd4 Nf6 5. Nc3 g6 6. Be3 Bg7 7. f3 O-O 8. Qd2
Bd7 9. O-O-O Nc6 10. h4 h5 11. g4 hxg4 12. h5 Nxh5 13. Nxc6 bxc6 14. Bh6 f6 15.
Bc4+ Kh7 16. Bxg7 Kxg7 17. fxg4 Bxg4 18. Rdg1 Bf3 19. Rh3 Qb6 20. Qh2 Qe3+ 21.
Kb1 Rab8 22. Bb3 Rh8 23. Rf1 Nf4 24. Rxh8 Rxh8 25. Qg3 Rh3 26. Qe1 Qxe1+ 27. Rxe1
Rh1 28. Rxh1 Bxh1 29. Ba4 c5 30. Bc6 g5 31. Kc1 g4 32. Kd2 g3 33. Ne2 Nxe2 34.
Kxe2 f5 35. Kf1 Bxe4 36. Bxe4 fxe4 37. Kg2 Kf6 38. Kxg3 Kf5 39. c4 Ke5 40. b3
d5 41. cxd5 Kxd5 42. Kf2 c4 43. bxc4+ Kxc4 44. Ke3 a5 45. Kxe4 a4 46. Ke3 Kc3
47. Ke2 Kb2 48. Kd2 Kxa2 49. Kc3 e5 50. Kd3 Kb2 0-1

[Event "Final Mistrzostw Polski Mlodzikow do lat 10 - Chlopcy"]
[Site "Szczyrk"]
[Date "1899-12-30"]
[Round "3.17"]
[White "Zielen, Stanislaw"]
[Black "Pycinski, Wladyslaw"]
[Result "1-0"]
[WhiteTitle "II"]
[BlackTitle "II"]
[WhiteElo "1075"]
[BlackElo "1194"]

1. e4 e6 2. Nf3 d5 3. exd5 exd5 4. d4 Bd6 5. Bd3 Ne7 6. O-O Bg4 7. Be3 Nbc6 8.
c3 Qd7 9. Nbd2 O-O-O 10. Qc2 h6 11. Kh1 f5 12. Ne5 Nxe5 13. dxe5 Bxe5 14. Bxa7
g5 15. f3 Bh5 16. Rfe1 Bd6 17. Bd4 Rhg8 18. Bf6 Rdf8 19. Rxe7 Bxe7 20. Bxf5 Rxf6
21. Bxd7+ Kxd7 22. Re1 Bg6 23. Qa4+ 1-0

[Event "Final Mistrzostw Polski Mlodzikow do lat 10 - Chlopcy"]
[Site "Szczyrk"]
[Date "1899-12-30"]
[Round "3.18"]
[White "Prokopiuk, Jakub"]
[Black "Pawelski, Tomasz"]
[Result "1/2-1/2"]
[WhiteTitle "II"]
[BlackTitle "II"]
[WhiteElo "1188"]
[BlackElo "1107"]

1. e4 e5 2. Nf3 Nc6 3. d4 exd4 4. Nxd4 Bc5 5. Be3 Bb6 6. c3 d6 7. Bb5 Bd7 8. Qa4
Nxd4 9. Bxd7+ Qxd7 10. Qxd7+ Kxd7 11. Bxd4 Bxd4 12. cxd4 f6 13. O-O Ne7 14. Nc3
c6 15. Rac1 Rad8 16. Rfe1 Ng6 17. d5 c5 18. b3 Ne5 19. Re3 g5 20. Nb5 a6 21. Nc3
b5 22. Ne2 Rdf8 23. f4 Ng6 24. fxg5 fxg5 25. Rb1 b4 26. a3 a5 27. axb4 axb4 28.
Ng3 Ne7 29. Ra1 Ra8 30. Rxa8 Rxa8 31. Nh5 h6 32. Nf6+ Kc7 33. Rh3 Rh8 34. Ng4
h5 35. Nf6 h4 36. Rf3 Ng6 37. Ng4 Nf4 38. Kf2 Kd7 39. g3 hxg3+ 40. hxg3 Nh5 41.
Rf7+ Ke8 42. Ra7 Rf8+ 43. Kg2 Rf7 44. Ra8+ Ke7 45. Ra7+ Ke8 46. Rxf7 Kxf7 47.
Nh6+ Kf6 48. Kf3 1/2-1/2

[Event "Final Mistrzostw Polski Mlodzikow do lat 10 - Chlopcy"]
[Site "Szczyrk"]
[Date "1899-12-30"]
[Round "3.19"]
[White "Durzynski, Jan"]
[Black "Mioduszewski, Szymon"]
[Result "1-0"]
[WhiteTitle "II+"]
[BlackTitle "III"]
[WhiteElo "1170"]
[BlackElo "1100"]

1. e4 c5 2. Nf3 e6 3. d4 cxd4 4. Nxd4 a6 5. Bd3 b5 6. O-O Bb7 7. Nc3 d6 8. a3 Be7
9. Be3 Nf6 10. h3 O-O 11. Kh1 Nbd7 12. f4 Nc5 13. Qf3 Nfxe4 14. Bxe4 Nxe4 15.
Nxe4 f5 16. Nf6+ Bxf6 17. Qxb7 Bxd4 18. Bxd4 Rf7 19. Qf3 Rc8 20. c3 1-0

[Event "Final Mistrzostw Polski Mlodzikow do lat 10 - Chlopcy"]
[Site "Szczyrk"]
[Date "1899-12-30"]
[Round "3.20"]
[White "Kostrzewski, Dawid"]
[Black "Konieczny, Marek"]
[Result "0-1"]
[WhiteTitle "III"]
[BlackTitle "II"]
[WhiteElo "1032"]
[BlackElo "1166"]

1. e4 e6 2. d4 d5 3. exd5 exd5 4. Nf3 Bd6 5. c4 c6 6. Be2 Ne7 7. O-O O-O 8. Nc3
Be6 9. Bd3 dxc4 10. Bb1 h6 11. Ne4 Bc7 12. Re1 Ba5 13. Re2 Nd5 14. Bd2 Bxd2 15.
Nfxd2 Nf4 16. Re3 Qxd4 17. Qc1 Qxe3 18. Qd1 Qe2 19. Qc1 Qxe4 20. Bxe4 Ne2+ 21.
Kf1 Nxc1 22. Rxc1 Rd8 23. Nf3 Nd7 24. Ke2 Nc5 25. Bc2 Nd3 26. Rd1 Nxb2 27. Rb1
c3 28. h3 Bxa2 29. Ra1 Bd5 30. Ra3 Bxf3+ 31. Kxf3 Nd3 32. Ke3 Nb4 33. Rxc3 Nd5+
34. Kd3 Nxc3+ 35. Kxc3 a5 36. Kb2 a4 37. Ka3 b5 38. Be4 c5 39. Bc6 b4+ 40. Ka2
c4 41. Kb2 Rd2+ 42. Kc1 Rad8 43. Bf3 a3 44. Kb1 a2+ 45. Ka1 b3 46. g4 Rd1+ 47.
Bxd1 Rxd1+ 48. Kb2 a1=Q# 0-1

[Event "Final Mistrzostw Polski Mlodzikow do lat 10 - Chlopcy"]
[Site "Szczyrk"]
[Date "1899-12-30"]
[Round "3.21"]
[White "Witczak, Borys"]
[Black "Kopaczewski, Mateusz"]
[Result "1-0"]
[WhiteTitle "II"]
[BlackTitle "II"]
[WhiteElo "1159"]
[BlackElo "1086"]

1. e4 e5 2. Nf3 Nc6 3. Bc4 Bc5 4. O-O Nf6 5. d3 O-O 6. Re1 h6 7. c3 d6 8. Nbd2
Na5 9. Bb5 a6 10. Ba4 b5 11. Bc2 Nc6 12. Nf1 Ng4 13. Re2 Be6 14. h3 Nf6 15. d4
exd4 16. cxd4 Bc4 17. dxc5 Bxe2 18. Qxe2 Re8 19. cxd6 Qxd6 20. Ng3 Qd7 21. Bd2
h5 22. Bg5 Qe6 23. Bb3 Qe7 24. Nf5 Qd7 25. Bxf6 Qxf5 26. exf5 Rxe2 27. Nd4 Nxd4
28. Bxd4 Rc8 29. Be3 Rxb2 30. Kf1 c5 31. Bc1 Rxb3 32. axb3 c4 33. bxc4 Rxc4 34.
Be3 Ra4 35. Rxa4 bxa4 36. Bc5 1-0

[Event "Final Mistrzostw Polski Mlodzikow do lat 10 - Chlopcy"]
[Site "Szczyrk"]
[Date "1899-12-30"]
[Round "3.25"]
[White "Wesolowski, Jeremi"]
[Black "Krawczyk, Eryk"]
[Result "1-0"]
[WhiteTitle "II"]
[BlackTitle "III"]
[WhiteElo "1142"]
[BlackElo "1020"]

1. e4 e5 2. Nc3 Nf6 3. Bc4 Nxe4 4. Qh5 Nd6 5. Bb3 Nc6 6. Nb5 g6 7. Qf3 f5 8. Qd5
Qf6 9. Nxc7+ Kd8 10. Nxa8 Nb4 11. Qa5+ b6 12. Nxb6 axb6 13. Qxb6+ Ke8 14. Qxb4
Ne4 15. Qc4 Qb6 16. Qxc8+ Ke7 17. Nh3 1-0

[Event "Final Mistrzostw Polski Mlodzikow do lat 10 - Chlopcy"]
[Site "Szczyrk"]
[Date "1899-12-30"]
[Round "3.28"]
[White "Krogulski, Maksymilian"]
[Black "Klask, Franciszek"]
[Result "1/2-1/2"]
[WhiteTitle "II"]
[BlackTitle "II"]
[WhiteElo "1250"]
[BlackElo "1061"]

1. e4 c6 2. d4 d5 3. exd5 cxd5 4. c4 Nf6 5. Nc3 Bg4 6. Nf3 e6 7. c5 Nbd7 8. Be2
b6 9. b4 Rc8 10. Qa4 Qc7 11. Ba6 Rd8 12. Ne5 bxc5 13. bxc5 Bxc5 14. Nxd7 Nxd7
15. dxc5 Qe5+ 16. Kd2 d4 17. Nd1 Qf4+ 18. Kc2 d3+ 19. Kb3 Qxa4+ 20. Kxa4 Nxc5+
21. Kb5 Bxd1 22. Kxc5 Rd5+ 23. Kb4 Bc2 24. Kc3 O-O 25. Ba3 Rfd8 26. Bc4 R5d7 27.
Kd2 h6 28. h4 Rd4 29. Bb3 Rc8 30. Rac1 Rd7 1/2-1/2

[Event "Final Mistrzostw Polski Mlodzikow do lat 10 - Chlopcy"]
[Site "Szczyrk"]
[Date "1899-12-30"]
[Round "3.29"]
[White "Boryna, Szymon"]
[Black "Michalik, Stanislaw"]
[Result "1-0"]
[WhiteTitle "II"]
[BlackTitle "II"]
[WhiteElo "1008"]
[BlackElo "1226"]

1. e4 e6 2. d4 d5 3. Nc3 Bb4 4. Bd3 Ne7 5. Nge2 Nbc6 6. Be3 O-O 7. O-O Bd7 8. a3
Ba5 9. b4 Bb6 10. Na2 a6 11. c4 Ba7 12. Nac3 Be8 13. Qd2 Nb8 14. c5 Nbc6 15. Qc2
Bd7 16. exd5 Nxd5 17. Nxd5 exd5 18. Bxh7+ Kh8 19. Bd3 Qh4 20. Bf5 Bxf5 21. Qxf5
Kg8 22. Bg5 Qh5 23. Ng3 Qh8 24. Qxd5 Rfe8 25. Rfe1 Qh7 26. Qf5 Nxd4 27. Qxh7+
Kxh7 28. Rad1 Rxe1+ 29. Rxe1 Nc2 30. Re7 Rd8 31. h3 f6 32. Bxf6 Nxa3 1-0

[Event "Final Mistrzostw Polski Mlodzikow do lat 10 - Chlopcy"]
[Site "Szczyrk"]
[Date "1899-12-30"]
[Round "3.30"]
[White "Tim, Wojciech"]
[Black "Piechocki, Krystian"]
[Result "1-0"]
[WhiteTitle "II"]
[BlackTitle "III"]
[WhiteElo "1004"]
[BlackElo "1159"]

1. e4 e6 2. d4 d5 3. Nd2 dxe4 4. Nxe4 Bd7 5. Nf3 Bc6 6. Bd3 Nd7 7. Qe2 Ngf6 8.
Neg5 Bxf3 9. Nxf3 Be7 10. O-O O-O 11. Be3 Nd5 12. c3 N7f6 13. Ne5 Nd7 14. Nxd7
Qxd7 15. Qh5 g6 16. Qf3 Nxe3 17. fxe3 Kg7 18. Rab1 c6 19. Qg4 c5 20. Rf3 Qd5 21.
a3 Rab8 22. Rh3 cxd4 23. exd4 Qd6 24. Qe4 b6 25. Qe3 Rh8 26. Rf1 Rbf8 27. Rhf3
a5 28. Qf2 f6 29. Re3 f5 30. Qe2 Rf6 31. Re1 Rhf8 32. Rxe6 Rxe6 33. Qxe6 Qxe6
34. Rxe6 Bd8 35. Kf2 Kf7 36. Bc4 Kg7 37. b4 axb4 38. axb4 Rf7 39. Rd6 Rf8 40.
Re6 h5 41. Bb3 g5 42. c4 g4 43. c5 bxc5 44. dxc5 Bc7 45. Re7+ Kg6 46. Rxc7 f4
47. b5 h4 48. Bc2+ Kh6 49. Rc6+ Kg5 50. h3 f3 51. Rg6+ 1-0

[Event "Final Mistrzostw Polski Mlodzikow do lat 10 - Chlopcy"]
[Site "Szczyrk"]
[Date "1899-12-30"]
[Round "4.1"]
[White "Ochedzan, Filip"]
[Black "Suska, Szymon"]
[Result "1-0"]
[WhiteTitle "II"]
[BlackTitle "II+"]
[WhiteElo "1596"]
[BlackElo "1416"]

1. e4 c5 2. Nf3 d6 3. d4 cxd4 4. Nxd4 Nf6 5. Nc3 g6 6. Be3 Bg7 7. f3 O-O 8. Qd2
Nc6 9. g4 Bd7 10. O-O-O Rc8 11. h4 h5 12. gxh5 Nxh5 13. Rg1 Nb4 14. Kb1 Qa5 15.
a3 Nc6 16. Be2 Ne5 17. Nb3 Qd8 18. f4 Nc4 19. Bxc4 Rxc4 20. Qe2 Rc8 21. f5 Nf6
22. fxg6 Rxc3 23. bxc3 Qc8 24. gxf7+ Rxf7 25. Qd3 Qc6 26. e5 Ne4 27. Kb2 Bf5 28.
Nd4 Qb6+ 29. Qb5 Qc7 30. Qe8+ Kh7 31. Qxf7 Qxc3+ 32. Ka2 Be6+ 33. Qxe6 Nf6 34.
exf6 Qc4+ 35. Qxc4 d5 36. Rxg7+ Kh8 37. Qc8# 1-0

[Event "Final Mistrzostw Polski Mlodzikow do lat 10 - Chlopcy"]
[Site "Szczyrk"]
[Date "1899-12-30"]
[Round "4.2"]
[White "Lecki, Leonard"]
[Black "Grobelny, Mikolaj"]
[Result "1-0"]
[WhiteTitle "II"]
[BlackTitle "II+"]
[WhiteElo "1373"]
[BlackElo "1477"]

1. e4 c5 2. Nc3 Nc6 3. f4 g6 4. Bc4 Bg7 5. d3 e6 6. Nf3 Nge7 7. O-O O-O 8. a4 b6
9. Qe1 Bb7 10. Kh1 Nb4 11. Qe2 d5 12. Bb3 Nec6 13. g4 Na5 14. f5 Nxb3 15. cxb3
Bxc3 16. bxc3 dxe4 17. dxe4 Qd3 18. Qxd3 Nxd3 19. Bh6 Bxe4 20. Bxf8 Rxf8 21. Kg1
Nf4 22. Ng5 Ne2+ 23. Kf2 Bd3 24. fxe6 f6 25. Ke3 fxg5 26. Rxf8+ Kxf8 27. Kxd3
Nf4+ 28. Kc4 h5 29. gxh5 gxh5 30. a5 Nxe6 31. axb6 axb6 32. Kb5 g4 33. Kxb6 Ke7
34. Rf1 Kd6 35. Rf5 h4 36. Rh5 g3 37. Rxh4 gxh2 38. Rxh2 c4 39. bxc4 Nc5 40. Rh6+
Ne6 41. c5+ Kd5 42. Rxe6 Kxe6 43. Kb7 Kd5 44. c6 Kc4 45. c7 Kb3 46. c8=Q Kc2 47.
Qd7 Kb3 48. Qd3 Kb2 49. c4 Ka1 50. Qd2 Kb1 51. Kb6 Ka1 52. Kb5 Kb1 53. Kb4 Ka1
54. Ka3 Kb1 55. Qd1# 1-0

[Event "Final Mistrzostw Polski Mlodzikow do lat 10 - Chlopcy"]
[Site "Szczyrk"]
[Date "1899-12-30"]
[Round "4.3"]
[White "Sowinski, Pawel"]
[Black "Kudraszow, Filip"]
[Result "1-0"]
[WhiteTitle "I++"]
[BlackTitle "II"]
[WhiteElo "1824"]
[BlackElo "1184"]

1. e4 c5 2. Nf3 Nc6 3. Bb5 g6 4. O-O Bg7 5. Re1 Nf6 6. e5 Nd5 7. Nc3 Nc7 8. Bxc6
dxc6 9. h3 O-O 10. Ne4 Ne6 11. d3 b6 12. Qe2 Ba6 13. Neg5 Nd4 14. Nxd4 Qxd4 15.
Nf3 Qd5 16. b3 e6 17. Bb2 Rfd8 18. Rad1 Qd7 19. c4 Qc7 20. Qe3 Rd7 21. Nd2 Qd8
22. Ne4 Bb7 23. Rd2 a5 24. a4 Ba6 25. Red1 Bb7 26. f4 Ba6 27. g3 h5 28. h4 Bb7
29. Kh2 Ba6 30. Qf3 Bb7 31. d4 cxd4 32. Nd6 Rb8 33. Nxb7 Rbxb7 34. Qxc6 Rdc7 35.
Qe4 Qe7 36. Rxd4 Kh7 37. Rd6 Bf8 38. Ba3 Bg7 39. R1d2 Qe8 40. Rd8 Qc6 41. Qxc6
Rxc6 42. R2d7 Rxd7 43. Rxd7 Rc8 44. Rxf7 Rd8 45. Bd6 Kg8 46. Rb7 Kh7 47. Rxb6
Rc8 48. c5 Kg8 49. c6 Bf8 50. c7 Kf7 51. Rb8 Bxd6 52. exd6 Ke8 53. Rxc8+ Kd7 54.
Rd8+ Kc6 55. c8=Q+ Kb6 56. Qc7+ Ka6 57. Ra8# 1-0

[Event "Final Mistrzostw Polski Mlodzikow do lat 10 - Chlopcy"]
[Site "Szczyrk"]
[Date "1899-12-30"]
[Round "4.4"]
[White "Dobrowolski, Kamil"]
[Black "Wojtacha, Krzysztof"]
[Result "0-1"]
[WhiteTitle "II"]
[BlackTitle "I"]
[WhiteElo "1157"]
[BlackElo "1524"]

1. e4 c5 2. Nf3 e6 3. c3 Nf6 4. e5 Nd5 5. d4 cxd4 6. cxd4 d6 7. Bd2 Nc6 8. Bc4
Be7 9. O-O O-O 10. Nc3 Nxc3 11. Bxc3 dxe5 12. Nxe5 Nxe5 13. dxe5 Qc7 14. Qe2 Bd7
15. Rac1 Rac8 16. Bb5 Bxb5 17. Qxb5 Qc6 18. Qxc6 Rxc6 19. Rfd1 Rfc8 20. Rd7 R6c7
21. Rxc7 Rxc7 22. Rd1 Kf8 23. Kf1 Ke8 24. Ke2 Rd7 25. Rxd7 Kxd7 26. Kd3 Kc6 27.
Kc4 b5+ 28. Kd3 Kd5 29. b3 Bc5 30. f3 Bg1 31. h3 Bh2 32. Bd4 a6 33. a4 Bxe5 34.
Be3 Bd6 35. axb5 axb5 36. g4 e5 37. Bd2 f6 38. Be3 g6 39. Bd2 f5 40. gxf5 gxf5
41. h4 h5 42. Bc3 e4+ 43. fxe4+ fxe4+ 44. Ke2 Be7 45. Be1 Kd4 46. Kd1 Ke3 47.
Kc2 Ke2 48. Bg3 Kf3 49. Be1 Kg4 50. Kc3 Bxh4 0-1